Obálka Náhled e-knihy:
PDF Epub
Pro půjčování e-knih musíte být přihlášeni.
Jak si půjčit online?

Družina Horských šelem. Prokleté město /

Pokračování fantasy série českého autora, kde přátelé z družiny Horských šelem - Ranka, Koré, Grult a Jagh - zažívají nová dobrodružství.

Uloženo v:
Série:Družina Horských šelem, část 4
Hlavní autor: Eismann, Petr, 1981- (Autor)
Médium: E-kniha
Jazyk:Czech
Vydáno: [Praha] : Jonathan Livingston, 2022
Témata:
Příbuzné jednotky:Z cyklu:: Družina Horských šelem
Tagy:
Žádné tagy
LEADER 02386nam a2200397 i 4500
001 311546
003 CZ PrSKC
005 20260601215707.0
007 ta
008 220218s2022 xr a g 000 f cze
015 |a cnb003397067 
020 |a 9788075512192  |q (brožováno) 
035 |a (OCoLC)1315528997 
040 |a ABG001  |b cze  |d ABA001  |e rda 
072 7 |a 821.162.3-3  |x Česká próza  |2 Konspekt 
080 |a 821.162.3-31  |2 MRF 
080 |a (0:82-312.9)  |2 MRF 
100 1 |a Eismann, Petr,  |d 1981-  |7 xx0246498  |4 aut 
245 1 0 |a Družina Horských šelem.  |p Prokleté město /  |c Petr Eismann 
246 3 0 |a Prokleté město 
264 1 |a [Praha] :  |b Jonathan Livingston,  |c 2022 
300 |a 387 stran ;  |c 17 cm 
336 |a text  |b txt  |2 rdacontent 
337 |a bez média  |b n  |2 rdamedia 
338 |a svazek  |b nc  |2 rdacarrier 
520 2 |a Pokračování fantasy série českého autora, kde přátelé z družiny Horských šelem - Ranka, Koré, Grult a Jagh - zažívají nová dobrodružství.  |b Nezávislost Havenu byla uhájena a Ranka, Koré, Grult i Jagh by si mohli užívat zasloužené odměny, kterou za své činy obdrželi. Slib, kterým se zavázali prastarému jezernímu drakovi, je však nutí vyrazit na cestu lemovanou záhadnými obelisky. Tato cesta je zavede až do ztraceného města Darak Helm, jehož obyvatelé byli před staletími prokleti. Družina Horských šelem uvízne v troskách prokletého města a bude muset vynaložit veškerý svůj důvtip a um, aby se z něho dostali. Povede se jim to, nebo budou navěky sdílet osud se zatracenými dušemi, které Darak Helm obývají? Nakladatelská anotace. 
655 7 |a české romány  |7 fd133974  |2 czenas 
655 7 |a fantasy romány  |7 fd184199  |2 czenas 
655 9 |a Czech fiction  |2 eczenas 
655 9 |a fantasy novels  |2 eczenas 
787 0 8 |i Z cyklu:  |t Družina Horských šelem  |g 4 
900 |a ABA001  |b 21 
044 |a xr 
910 |a RBIT002 
998 |d 350769  |a https://core.palmknihy.cz/api/books/350769/cover?ra9rbj  |b https://core.palmknihy.cz/api/books/350769/cover/400?ra9rbj  |c https://core.palmknihy.cz/api/books/350769/cover/50?ra9rbj  |e 2027-04-30  |g 394  |i 9788075512192  |j https://core.palmknihy.cz/api/books/350769/preview.epub  |k https://core.palmknihy.cz/api/books/350769/preview.pdf  |l   |q 49  |r 1  |s https://www.palmknihy.cz/kniha/350769  |t ebook  |y 2022  |z 0  |v Družina Horských šelem  |w 4 
999 |d 311544